| 000 | 00558nam a2200193 a 4500 | ||
|---|---|---|---|
| 005 | 20260109063948.0 | ||
| 008 | 030610s1984 mx r 000 0 spa d | ||
| 020 | _a9681617045 | ||
| 035 | _aUPN01000125304 | ||
| 049 | _aSEP | ||
| 050 | 4 |
_aAC70 _bB55 no.15 |
|
| 100 | 1 |
_aMedawar, Peter Brian, _d1915-1987 |
|
| 245 | 1 | 0 |
_aConsejos a un jóven científico / _cPeter B. Medwar ; tr. Juan José Utrilla. |
| 260 |
_aMéxico : _bSEP : _bCREA : _bFCE, _c1984. |
||
| 300 | _a156 p. | ||
| 440 | 0 |
_aBiblioteca joven ; _v15 |
|
| 650 | 4 |
_aCiencia _97469 |
|
| 905 | _aLibro | ||
| 999 |
_c97483 _d97483 |
||